000 00263nam a22001217a 4500
008 181025b xxu||||| |||| 00| 0 eng d
041 _aeng
080 _a370
100 _a47
101 _aEDU
245 _aFor Elementary Teachers
_cBenbow.A
942 _2udc
_cBK
999 _c50886
_d50886